00938nam a2200253 i 4500001001000000003000900010005001700019007000300036008004100039040003000080082002400110100003700134245006000171264005000231300005500281336002700336337003300363338002800396500005400424610006700478650002900545650003200574651007800606000027901DO-SdBNP20240513144747.0ta110405d1980 dr ac 000 0 spa d aDO-SdBNPbspacBNPHUerda 4a972.93054bY91c2221 aYsalguez, Hugo A.,d1949-eautor13aEl 14 de Junio :bla raza inmortal /cHugo A. Ysalguez. aSanto Domingo :bImpresora Corporán,c1980. a142 páginas :bilustraciones, retratos ;c22 cm. 2rdacontentatextobtxt 2rdamediaasin mediaciónbn 2rdacarrieravolumenbnc aInvasión de Constanza, Maimón y Estero Hondo.24aMovimiento Revolucionario 14 de junio (República Dominicana) 4aActividades clandestinas 4aMovimientos revolucionarios 4aRepública DominicanaxPolítica y gobiernoyEra de Trujillo, 1930-1961